[Event "Let's Play Chess!"]
[Site "http://www.queenalice.com/game.php?id=455077"]
[Date "2008.8.28"]
[Round "-"]
[White "axelsun"]
[Black "dontworrybehappy"]
[Result "1-0"]
[WhiteElo "1963"]
[BlackElo "1419"]

1. Nf3 Nf6 2. d4 d5 3. c4 e6 4. Nc3 Bb4 5. Bd2 c6 6. e3 O-O 7. Be2 Qb6 8. O-O
Nbd7 9. a3 Bxc3 10. Bxc3 Ne4 11. c5 Nxc3 12. bxc3 Qa5 13. Qc2 Nf6 14. Bd3 g6 15.
Nd2 Re8 16. f4 Bd7 17. h3 Qc7 18. Nf3 b5 19. Qf2 a5 20. Qh4 a4 21. Qxf6 1-0

[Event "Let's Play Chess!"]
[Site "http://www.queenalice.com/game.php?id=455079"]
[Date "2008.8.28"]
[Round "-"]
[White "dontworrybehappy"]
[Black "axelsun"]
[Result "1-0"]
[WhiteElo "1431"]
[BlackElo "1908"]

1. e4 e5 2. Nf3 Nc6 3. Bb5 a6 4. Bxc6 dxc6 5. Nc3 Bg4 6. O-O Nf6 7. d3 Be7 8. h3
Bxf3 9. Qxf3 Qd7 10. Qg3 Qd6 11. Qxg7 O-O-O 12. Qxf7 Rdf8 13. Qb3 Nh5 14. Be3
Rhg8 15. Ne2 Qg6 16. g4 Rf3 17. Kg2 Rxh3 18. Qxg8+ Qxg8 19. Kxh3 Nf6 20. f3 h5
21. g5 Nh7 22. f4 Qe6+ 23. f5 Qg8 24. g6 Ng5+ 25. Kg2 h4 26. f6 h3+ 27. Kg3 Qxg6
28. fxe7 Nxe4+ 29. Kxh3 Qh5+ 30. Kg2 Qxe2+ 31. Rf2 Qg4+ 32. Kf1 Kd7 33. dxe4
Kxe7 34. Bc5+ Ke6 35. Rf5 Qxe4 36. Rxe5+ Qxe5 37. Re1 b6 38. Rxe5+ Kxe5 39. Be3
Ke4 40. Ke2 c5 41. Bg5 b5 42. Bd8 c6 43. Be7 c4 44. Bb4 Kd4 45. Kf3 c5 46. Bc3+
Kd5 47. a3 Kc6 48. Ke4 Kb6 49. Kd5 a5 50. Bf6 b4 51. a4 c3 52. b3 1-0

[Event "Let's Play Chess!"]
[Site "http://www.queenalice.com/game.php?id=455130"]
[Date "2008.8.29"]
[Round "-"]
[White "dontworrybehappy"]
[Black "archiphile"]
[Result "1-0"]
[WhiteElo "1433"]
[BlackElo "1130"]

1. e4 c5 2. Nf3 Nc6 3. d4 cxd4 4. Nxd4 Ne5 5. Bf4 d6 6. Qh5 Ng6 7. Bg3 Nf6 8.
Qe2 e5 9. Qb5+ Nd7 10. Nf5 a6 11. Qb3 Nc5 12. Qf3 Qa5+ 13. Nc3 Na4 14. Nxd6+
Bxd6 15. O-O-O Qb4 16. Nxa4 Qxa4 17. Rxd6 Qxa2 18. Qa3 Qxa3 19. bxa3 Be6 20. h4
h5 21. Be2 Nf4 22. Bxf4 exf4 23. Rb6 Rb8 24. Bxa6 Bc8 25. Kd2 O-O 26. Rhb1 Rd8+
27. Ke1 Rd7 28. R1b4 Rc7 29. c4 Be6 30. Rxb7 Rbxb7 31. Bxb7 Bxc4 32. a4 Rc5 33.
a5 Bb5 34. a6 Bxa6 35. Bxa6 Rc1+ 36. Kd2 Rg1 37. e5 Rxg2 38. Rxf4 Rg4 39. Rxg4
hxg4 40. Be2 f5 41. Bxg4 fxg4 42. h5 Kf7 43. Kd3 Ke6 44. Ke4 Kf7 45. Kf5 Ke7 46.
Kxg4 Ke6 47. f4 1-0

[Event "Let's Play Chess!"]
[Site "http://www.queenalice.com/game.php?id=455131"]
[Date "2008.8.29"]
[Round "-"]
[White "Paulo_Lima26"]
[Black "dontworrybehappy"]
[Result "0-1"]
[WhiteElo "1817"]
[BlackElo "1368"]

1. d4 Nf6 2. c4 d6 3. Nc3 g6 4. e4 Bg7 5. Nf3 O-O 6. Be2 Nbd7 7. O-O c5 8. d5
Qb6 9. Rb1 Ne8 10. Ne1 Bxc3 11. bxc3 Qxb1 12. Nc2 Qxa2 13. Na3 Nef6 14. f3 Ne5
15. Rf2 a5 16. Bd3 Qa1 17. Bb1 Qxc3 18. Bd2 Qxa3 0-1

[Event "Let's Play Chess!"]
[Site "http://www.queenalice.com/game.php?id=459954"]
[Date "2008.9.8"]
[Round "-"]
[White "magalhaes_br"]
[Black "dontworrybehappy"]
[Result "0-1"]
[WhiteElo "1314"]
[BlackElo "1429"]

1. e4 e5 2. Nf3 Nc6 3. Bc4 Be7 4. Qe2 Nf6 5. Nc3 O-O 6. Qe3 b6 7. b3 Bc5 8. Qd3
Nb4 9. Qe2 Nxc2+ 10. Kd1 Nxa1 11. Nxe5 d6 12. Nf3 Bb7 13. Bb2 Nxb3 14. Bxb3 Re8
15. Ng5 Re7 16. Qf3 Qe8 17. Re1 h6 18. Nh3 Bxe4 19. Qg3 Bc2+ 20. Bxc2 Rxe1# 0-1

[Event "Let's Play Chess!"]
[Site "http://www.queenalice.com/game.php?id=460179"]
[Date "2008.9.8"]
[Round "-"]
[White "dontworrybehappy"]
[Black "momo"]
[Result "1-0"]
[WhiteElo "1419"]
[BlackElo "1261"]

1. e4 e6 2. d4 Qe7 3. Nc3 f5 4. e5 d6 5. Nf3 g6 6. Bg5 Qd7 7. Bb5 c6 8. Ba4 b5
9. Bb3 h6 10. Bd2 g5 11. O-O b4 12. Ne2 a5 13. a4 g4 14. Ne1 dxe5 15. dxe5 Bb7
16. Nd3 c5 17. Ndf4 Bg7 18. Bxe6 Qxe6 19. Nxe6 Bxe5 20. Nxc5 Bc6 21. Bf4 Bxb2
22. Bxb8 Rxb8 23. Rb1 Rd8 24. Qe1 Rd5 25. Nf4+ Ne7 26. Nxd5 Bxd5 27. Rxb2 O-O
28. Qxe7 Rf7 29. Qd8+ Rf8 30. Qxd5+ Rf7 31. Re1 b3 32. Rxb3 Kg7 33. Rb7 Rxb7 34.
Qxb7+ Kg6 35. Re6+ Kg5 36. Qg7+ Kf4 37. Nd3# 1-0

[Event "bbb"]
[Site "http://www.queenalice.com/game.php?id=460207"]
[Date "2008.9.8"]
[Round "-"]
[White "dontworrybehappy"]
[Black "mbubi"]
[Result "0-1"]
[WhiteElo "1399"]
[BlackElo "2028"]

1. e4 g6 2. d4 Bg7 3. Nf3 d6 4. Bc4 e6 5. O-O a6 6. Bg5 Ne7 7. Nc3 h6 8. Be3 b5
9. Bd3 Bb7 10. Re1 O-O 11. Qd2 Kh7 12. a4 c6 13. axb5 cxb5 14. h4 f5 15. exf5
Nxf5 16. h5 Bxf3 17. hxg6+ Kh8 18. gxf3 Nh4 0-1

[Event "Let's Play Chess!"]
[Site "http://www.queenalice.com/game.php?id=460209"]
[Date "2008.9.8"]
[Round "-"]
[White "magalhaes_br"]
[Black "dontworrybehappy"]
[Result "0-1"]
[WhiteElo "1325"]
[BlackElo "1437"]

1. e4 e5 2. Nf3 Nc6 3. Nc3 Nf6 4. Bc4 Bc5 5. Qe2 O-O 6. d3 Ne7 7. Nxe5 d5 8. d4
Bxd4 9. Nb5 Bxe5 10. O-O dxc4 11. Qxc4 Be6 12. Qe2 c6 13. Na3 Qb6 14. Be3 Qxb2
15. Nc4 Bxc4 16. Qd1 Bxf1 17. Qxf1 Qxa1 18. Bc1 Bf4 19. Bxf4 Qxf1+ 20. Kxf1 Nxe4
21. f3 Nc3 22. a3 b5 23. g4 Nb1 24. Bd6 Rfe8 25. h4 Rad8 26. Bc7 Rd1+ 27. Kf2
Nxa3 28. Kg3 Nxc2 29. h5 b4 30. Be5 a5 31. Kh4 a4 32. Bb2 a3 33. Be5 Nf5+ 34.
Kg5 Rxe5 35. f4 h6# 0-1

[Event "Let's Play Chess!"]
[Site "http://www.queenalice.com/game.php?id=468804"]
[Date "2008.9.26"]
[Round "-"]
[White "chunyi2012"]
[Black "dontworrybehappy"]
[Result "1-0"]
[WhiteElo "1555"]
[BlackElo "1454"]

1. e4 e5 2. c4 Nf6 3. Nc3 Bb4 4. Nf3 d6 5. d4 exd4 6. Nxd4 Nxe4 7. Bd2 Nxd2 8.
Qxd2 O-O 9. O-O-O Re8 10. Qf4 Bxc3 11. bxc3 Be6 12. Bd3 Qd7 13. Rhe1 Qa4 14. Nc2
Qxa2 15. Kd2 Qa4 16. Qe4 g6 17. Qxb7 Nd7 18. Qxc7 Rec8 19. Qxd6 Nc5 20. Nb4 1-0

[Event "Let's Play Chess!"]
[Site "http://www.queenalice.com/game.php?id=468805"]
[Date "2008.9.26"]
[Round "-"]
[White "dontworrybehappy"]
[Black "chunyi2012"]
[Result "0-1"]
[WhiteElo "1442"]
[BlackElo "1567"]

1. e4 e6 2. d4 d5 3. e5 Nc6 4. Nf3 f6 5. Bb5 Bd7 6. exf6 gxf6 7. O-O Bd6 8. Re1
Nge7 9. c4 dxc4 10. Bxc4 Nb4 11. Bxe6 Bxe6 12. Rxe6 O-O 13. Qb3 Kh8 14. Bh6 Nbd5
15. Bxf8 Qxf8 16. Nc3 Nf4 17. d5 Nxe6 18. dxe6 b6 19. Ne4 Be5 0-1

[Event "AUTO-INT-1051"]
[Site "http://www.queenalice.com/game.php?id=469304"]
[Date "2008.9.27"]
[Round "1"]
[White "Jamtony"]
[Black "dontworrybehappy"]
[Result "1-0"]
[WhiteElo "1611"]
[BlackElo "1450"]

1. e4 e5 2. a3 Nf6 3. Nc3 Nc6 4. Bb5 Be7 5. Nf3 d6 6. h3 Bd7 7. Nd5 O-O 8. d3 a6
9. Bxc6 Bxc6 10. Nxf6+ Bxf6 11. O-O Re8 12. Be3 1-0

[Event "AUTO-INT-1052"]
[Site "http://www.queenalice.com/game.php?id=469956"]
[Date "2008.9.28"]
[Round "1"]
[White "Helder1622"]
[Black "dontworrybehappy"]
[Result "0-1"]
[WhiteElo "1468"]
[BlackElo "1399"]

1. e4 e5 2. d4 exd4 3. Qxd4 Nc6 4. Qe3 Nf6 5. Nf3 Be7 6. Bc4 d5 7. exd5 Nxd5 8.
Qd3 Ndb4 9. Qb3 O-O 10. Ng5 Bxg5 11. Bxg5 Qxg5 12. O-O Bh3 13. Qxh3 Nxc2 14. f4
Qc5+ 15. Rf2 Qxc4 16. Na3 Nxa1 17. Nxc4 Rad8 18. Rf1 Nc2 19. Qb3 N2b4 20. a3 Rd3
21. Qa4 Rd4 22. b3 Nd3 23. Qb5 Rb8 24. f5 a6 25. Qa4 Nc5 0-1

[Event "AUTO-INT-1052"]
[Site "http://www.queenalice.com/game.php?id=469957"]
[Date "2008.9.28"]
[Round "1"]
[White "dontworrybehappy"]
[Black "Helder1622"]
[Result "1-0"]
[WhiteElo "1410"]
[BlackElo "1453"]

1. e4 e5 2. Nf3 d5 3. exd5 Qxd5 4. Nc3 Qc6 5. Nxe5 Qe6 6. Qe2 Nf6 7. Nb5 c6 8.
Nc7+ Ke7 9. Nxe6 fxe6 10. Ng4 Nxg4 11. Qxg4 g6 12. Qd4 Rg8 13. d3 Bg7 14. Bg5+
Ke8 15. Qd8+ Kf7 16. Qe7# 1-0